postacie z kreskówek Quiz (polski) - Statystyki

Ogólne statystyki
  • Ten quiz został rozwiązany 1 670 razy
  • Średni wynik to 11 z 15
Statystyki odpowiedzi
Hint Odpowiedź % Poprawnych
lubi ganiać myszkę tom
92%
ma kolegów: edda i eddyiego ed
91%
lubi miodek kubuś puchatek
91%
ma kolegów: eda i edyego edd
90%
ma kolegę rozgwiazdę spongebob
90%
jest ta myszką ktora zawsze ma szczęści z kotami (bo koty ją gonią) jerry
85%
3 bohaterki które są dziećmi (chyba) atomówki
78%
ma kolegów: eda i edda edy
77%
mała syrenka o nazwie _____ ariel
76%
żółta rodzinka dziwaków simpsonowie
58%
jest niebieskim kotem gumball
56%
bracia którzy codziennie robia eksperymenty fineasz i ferb
52%
jest rybą z nogami xD darwin
51%
mała myszka która ma kolege psa i kaczkę (dla 5 latków) myszka miki
49%
znana świnka z memów i z mówienia CHRUM!!! świnka pepe
14%
Nie znaleziono quizów pasujących do podanych kryteriów
Rozkład punktacji
Procent ludzi z każdym wynikiem
Percentyl według liczby udzielonych odpowiedzi
Twoja historia wyników
Nie rozwiązałeś tego quizu